000 00787nam a2200253Ia 4500
003 OSt
005 20220918171211.0
006 a|||||r|||| 00| 0
007 ta
008 220917b |||||||| |||| 00| 0 eng d
020 _a9781409422518 (hbk)
_c5834.39
024 _a289,714
037 _b113, 19/03/2016, Mallika Books
_cTextual
040 _aARTS
_cARTS
_beng
041 _2eng
_aeng
082 _aY11, Q4
100 _aAitken Stuart C.
_934723
245 0 _aEthnopoetics of space and transformation
_b Young people's engagement, activism and aesthetics
260 _aSurrey
_bAshgate UK
_c2014
300 _ax, 207p.
_ccm.
650 _aSOCIOLOGY
942 _hY11, Q4
_cTEXL
_2CC
999 _c138297
_d138297